Absolventi na trhu práce diplomová práca

Gespeichert in:
Bibliographische Detailangaben
1. Verfasser: Jarkovská, Martina
Körperschaft: Obchodná fakulta EU. Katedra medzinárodného obchodu
Weitere Verfasser: Krajčík, Daniel, 1981-
Format: Buch
Sprache:Slowakisch
Veröffentlicht: Bratislava 2013
Tags: Tag hinzufügen
Keine Tags, Fügen Sie das erste Tag hinzu!

MARC

LEADER 00000nbm a2200000 4500
001 0169463
005 20161109102305.8
041 0 |a slo 
044 |a SK 
245 1 0 |a Absolventi na trhu práce  |b diplomová práca  |c Martina Jarkovská ; školiteľ: Daniel Krajčík 
264 1 |a Bratislava  |c 2013 
300 |a 64 s. 
100 1 |a Jarkovská, Martina 
700 1 |a Krajčík, Daniel, 1981- 
710 2 |a Obchodná fakulta EU. Katedra medzinárodného obchodu